000
00293nam a22001217a 4500
020
_a
0-07-037039-7
082
_a
621.384165 LEE'M
100
_a
LEE, WILLIAM C. Y
_9
57170
245
_a
MOBILE COMMUNICATION ENGINEERING
260
_a
NEWYORK
_b
MCGRAW HILL
_c
1982
300
_a
464P
942
_c
BK
999
_c
567467
_d
567467